00657cam a22002177a 4500003000500000005001700005008004100022010001000063011001000073035001000083040000900093082001800102110000800120245005800128260002300186300004100209490006800250650003100318700002200349830006800371CHAP20220817042114.0971013s1963 it a r 00010 spa d a34715 a35687 a39803 cCHAP04a338.19bF37pY2 aFAO13aEl abastecimiento mundial :bposibilidades de aumento aRoma :bFAO,c1963 a[s. p.] :bgráfs., ilus., apénd. 0aFAO. Campaña Mundial contra el hambre. Estudio básicov; 1014aAlimentosxAbastecimiento.0 aPawley, Walter H.0 aFAO. Campaña Mundial contra el hambre. Estudio básicov; 10